000 00319nam a2200145Ia 4500
005 20251222152650.0
008 251222s9999||||xx |||||||||||||| ||spa||
020 _a9788498009435
082 _a823/L32
100 _aLaymon, Richard
245 0 _aLa Isla
250 _a1ra.ed.
264 _bLa Factoria
942 _cLIB
999 _c28425
_d28425